banner-ar

علم النبات عند العرب / (Record no. 48280)

MARC details
000 -الفاتح
حقل البيانات ثابتة الطول 00447nam a2200133Ia 4500
008 - عناصر البيانات ثابتة الطول - معلومات عامة
حقل البيانات ثابتة الطول 140319s9999 xx 000 0 ara d
040 ## - مصدر الفهرسة
وكالة الفهرسة الأصلية GCL /
وكالة النسخ GCL
082 04 - رقم تصنيف ديوى العشرى
رقم التصنيف 581.972
رقم المادة ع ع
100 1# - المدخل الرئيسى - إسم شخصى
الإسم الشخصى عبدالسلام محمد النويهى
245 10 - بيان العنوان
العنوان علم النبات عند العرب /
بيان المسئوليه,etc عبدالسلام محمد النويهى
300 ## - الوصف المادى
التعداد 340 ص
490 ## - بيان السلسلة
عنوان السلسلة موسوعة الحضارة العربية الاسلامية
رقم المجلد/ التعيين التسلسلي 0
Holdings
حالة التراجع حالة الفقد حالة تلف ليس للاعارة المكان المؤقت الموقع الحالى تاريخ الاكتساب اجمالي اﻻعارات رقم الطلب الباركود تاريخ اخر مشاهدة تاريخ تفعيل السعر نوع وعاء كوها
        مكتبة القاهرة الكبرى مكتبة القاهرة الكبرى 03/26/2014   581.972\ع ع 116560 03/26/2014 03/26/2014 كتاب
        مكتبة القاهرة الكبرى مكتبة القاهرة الكبرى 03/26/2014   581.972\ع ع 116561 03/26/2014 03/26/2014 كتاب

Powered By

EGPV